| 000 | 00782nam a22002537a 4500 | ||
|---|---|---|---|
| 001 | 9085 | ||
| 003 | FISKH | ||
| 005 | 20251119112827.0 | ||
| 008 | 251119b cb ||||| |||| 00| 0 eng d | ||
| 020 | _a9780545591812 | ||
| 040 |
_aFISKH _beng _cFISKH _dFISKH |
||
| 082 | _a523.7 | ||
| 100 | _aCanizares, Susan | ||
| 245 |
_aWe need the sun / _cBy Susan Canizares and Daniel Moreton |
||
| 260 |
_aNew York : _bScholastic , _c2013. |
||
| 300 |
_a16 pages : _bcolor illustrations ; _c21 X 22 cm . |
||
| 505 | _aC | ||
| 520 | _aThe sun works hard all day. Find out what the sun does from sunrise to sunset and why we need it | ||
| 521 | 8 |
_a100
_bLexile estimate |
|
| 521 | 8 |
_aC
_bRaz-Plus |
|
| 700 | _aDaniel Moreton | ||
| 942 |
_2ddc _cBK _n0 |
||
| 999 |
_c9085 _d9085 |
||